000 00501nam a22001697a 4500
005 20231204143339.0
008 231204b |||||||| |||| 00| 0 eng d
020 _a9780409122336 ; 9780409122336
041 _aEnglish
082 _a349 JOU
100 _lEnglish
245 _aThe Law of South Africa /
_cedited by JA Faris
260 _aDurban :
_bLexisNexis,
_c2015
300 _bxv, 452 pages ;
_c26 cm.
650 _aLegal practice
_bLaw
942 _cBK
_6ALISON_BN_VRIES
999 _c1114
_d1114